| 000 | 00386 a2200109 4500 | ||
|---|---|---|---|
| 001 | ART_6803 | ||
| 005 | 20260410161719.0 | ||
| 008 | 260409a | ||
| 245 | 1 | 0 | _aIndependencia. Compatibilización entre los servicios de auditoria y otros servicios profesionales |
| 100 | 1 | _aWainstein, Mario | |
| 773 | 0 |
_tContabilidad y auditoría _g- Año 4, Nº 7 (jun. 1998) _wREV1723 |
|
| 999 |
_c16813 _d16813 |
||